|
|
|
|
| LEADER |
00865nab a2200193 i 4500 |
| 001 |
misc28129 |
| 005 |
20191108145900.0 |
| 008 |
170831s1977 hu o 0|| zxx d |
| 040 |
|
|
|a SZTE Miscellanea Repozitórium
|b hun
|
| 041 |
|
|
|a zxx
|
| 100 |
1 |
|
|a Csillik Bertalan
|
| 245 |
1 |
0 |
|a Degenerative atrophy of central terminals of primary sensory neurons induced by blockade of axoplasmic transport in peripheral nerves
|h [elektronikus dokumentum] /
|c Csillik Bertalan
|
| 260 |
|
|
|c 1977
|
| 300 |
|
|
|a 656-657
|
| 490 |
0 |
|
|a Kolligátum
|
| 695 |
|
|
|a Gyógyszerhatástan, Neurobiológia, Idegrendszer - anatómia, Gerincvelő - anatómia, Szövettan, Fénymikroszkópia - hisztokémia, Elektronmikroszkópia - hisztokémia
|
| 700 |
0 |
1 |
|a Knyihár Erzsébet
|e aut
|
| 700 |
0 |
1 |
|a Elshiekh A. A.
|e aut
|
| 856 |
4 |
0 |
|u http://misc.bibl.u-szeged.hu/28129/1/019_002_656-657.pdf
|z Dokumentum-elérés
|